| 000 | 00779cab a2200205 4500 | ||
|---|---|---|---|
| 001 | X3411 | ||
| 008 | 090401t1996 xxu||||| |||| 00| 0 eng d | ||
| 035 | _a(Sirsi) u30328 | ||
| 041 | _aeng | ||
| 245 | _aBSE Trading v Hands | ||
| 260 | _c1996 | ||
| 350 | _a0 | ||
| 490 |
_aNew Property Cases _v1996 NPC 86 |
||
| 520 | _aCA 23 May 1996. A guarantor is not freed from liability fro the tenant`s obligations under a lease simply because a lease has been surrendered. One co-surety who settles without the consent of another will not be able to charge that other for a proportionate share of the settlement. | ||
| 650 | _aGUARANTOR OF LEASE | ||
| 650 | _aSURRENDER OF LEASE | ||
| 690 | _aLANDLORD AND TENANT-CASE LAW-BUSINESS TENANCIES | ||
| 942 | _n0 | ||
| 948 | _c04/03/1997 | ||
| 999 |
_c20436 _d20436 |
||